[Event "Polar Capital Jersey op"]
[Site "St Helier"]
[Date "2018.04.05"]
[Round "7.8"]
[White "Ansell, Simon T"]
[Black "Verma, Aditya"]
[Result "1-0"]
[WhiteElo "2342"]
[BlackElo "2002"]
[PlyCount "87"]
[EventDate "2018.03.31"]
[EventType "swiss"]
[EventRounds "9"]
[EventCountry "JCI"]

1. d4 e6 2. e4 d5 3. Nd2 dxe4 4. Nxe4 Bd7 5. Nf3 Bc6 6. Bd3 Nd7 7. O-O Ngf6 8.
Ned2 Be7 9. Nc4 Bxf3 10. Qxf3 c6 11. Ne5 O-O 12. Re1 Qa5 13. c3 Rfd8 14. Qh3
Nf8 15. Bf4 Nd5 16. Bg3 Bf6 17. Nc4 Qa6 18. a4 b6 19. Ne5 Qb7 20. Be4 Bxe5 21.
Bxe5 b5 22. a5 a6 23. Qf3 Ng6 24. Bg3 f5 25. Bc2 Qf7 26. Be5 Rac8 27. h3 c5 28.
dxc5 Rxc5 29. Bd4 Rc6 30. Bb3 f4 31. Rad1 Qf5 32. Bb6 Rd7 33. Rxe6 Rxe6 34.
Rxd5 Re1+ 35. Kh2 Rxd5 36. Qxd5+ Qxd5 37. Bxd5+ Kh8 38. Bb7 Ne5 39. Bxa6 Nc4
40. Bxb5 Nxb6 41. axb6 Re6 42. b7 Rb6 43. Ba6 Kg8 44. c4 1-0

[Event "Polar Capital Jersey op"]
[Site "St Helier"]
[Date "2018.04.05"]
[Round "7.9"]
[White "Klingher, Dominic"]
[Black "Mitchell, Martin"]
[Result "0-1"]
[WhiteElo "2173"]
[BlackElo "2237"]
[PlyCount "28"]
[EventDate "2018.03.31"]
[EventType "swiss"]
[EventRounds "9"]
[EventCountry "JCI"]

1. e4 d6 2. Nc3 g6 3. d4 Nf6 4. Be3 c6 5. Qd2 b5 6. Bd3 Nbd7 7. Nf3 Qc7 8.
O-O-O b4 9. Ne2 Ng4 10. Qxb4 Nxe3 11. fxe3 Bh6 12. Qd2 Rb8 13. g4 Qb6 14. c3
Bxe3 0-1

[Event "Polar Capital Jersey op"]
[Site "St Helier"]
[Date "2018.04.05"]
[Round "7.10"]
[White "Stewart, Ashley"]
[Black "Le Quang, Kim"]
[Result "0-1"]
[WhiteElo "2148"]
[BlackElo "2267"]
[PlyCount "102"]
[EventDate "2018.03.31"]
[EventType "swiss"]
[EventRounds "9"]
[EventCountry "JCI"]

1. c4 g6 2. Nc3 Bg7 3. g3 Nf6 4. Bg2 O-O 5. Nf3 d6 6. O-O e5 7. d4 Nbd7 8. e4
c6 9. b3 exd4 10. Nxd4 Re8 11. h3 Nc5 12. Re1 a5 13. Bf4 h6 14. Qc2 Nfd7 15.
Rad1 Ne5 16. Be3 Qe7 17. Rd2 Ned7 18. Bf4 Ne5 19. Red1 Qc7 20. Be3 a4 21. f4
axb3 22. axb3 Ned7 23. b4 Ne6 24. Nf3 Ra3 25. Rd3 Nb6 26. Nb1 Rxd3 27. Qxd3 Nf8
28. Nd4 Bd7 29. Nb3 Be6 30. c5 dxc5 31. Nxc5 Bc8 32. Nc3 Ne6 33. Nxe6 Bxe6 34.
e5 Nc4 35. Ne4 Bd5 36. Bd4 Ra8 37. Rc1 b5 38. Nf6+ Bxf6 39. Bxd5 cxd5 40. exf6
Qd6 41. Qc3 Ra3 42. Qe1 Qe6 43. Qf2 Nd6 44. g4 Rxh3 45. Qg2 Rd3 46. Be5 Nc4 47.
Re1 Nxe5 48. Rxe5 Qxf6 49. Qe2 Rg3+ 50. Kh1 Qh4+ 51. Qh2 Rh3 0-1

[Event "Polar Capital Jersey op"]
[Site "St Helier"]
[Date "2018.04.05"]
[Round "7.11"]
[White "Woudsma, Martijn"]
[Black "Kahn, Tito"]
[Result "1-0"]
[WhiteElo "2262"]
[BlackElo "1897"]
[PlyCount "63"]
[EventDate "2018.03.31"]
[EventType "swiss"]
[EventRounds "9"]
[EventCountry "JCI"]

1. e4 c5 2. Nf3 e6 3. d4 cxd4 4. Nxd4 a6 5. c4 Nf6 6. Nc3 Qc7 7. f3 Nc6 8. Be3
Bd6 9. g3 Ne5 10. Qe2 Bc5 11. Rd1 b6 12. a3 Nc6 13. Nc2 Bxe3 14. Nxe3 O-O 15.
f4 d6 16. Bg2 Rb8 17. O-O Bb7 18. b4 b5 19. cxb5 Nxb4 20. Rc1 a5 21. axb4 axb4
22. Ncd5 Qa5 23. Nxf6+ gxf6 24. Ng4 Kg7 25. Qb2 e5 26. fxe5 fxe5 27. Qd2 f6 28.
Qh6+ Kh8 29. Nxf6 Rf7 30. Nh5 Qb6+ 31. Kh1 Rbf8 32. Qxf8+ 1-0

[Event "Polar Capital Jersey op"]
[Site "St Helier"]
[Date "2018.04.05"]
[Round "7.12"]
[White "Kabos, Tobias"]
[Black "Belzo, Krzysztof"]
[Result "1-0"]
[WhiteElo "2253"]
[BlackElo "2103"]
[PlyCount "61"]
[EventDate "2018.03.31"]
[EventType "swiss"]
[EventRounds "9"]
[EventCountry "JCI"]

1. d4 c5 2. d5 d6 3. c4 g6 4. Nc3 Bg7 5. Nf3 Nf6 6. h3 Na6 7. e4 Nc7 8. Bd3 O-O
9. O-O Bd7 10. Re1 a6 11. a4 b5 12. e5 dxe5 13. Nxe5 bxc4 14. Bxc4 Nce8 15. Qe2
Qc7 16. Bxa6 Nxd5 17. Nxd5 Qxe5 18. Qxe5 Bxe5 19. Bb7 Rb8 20. Rxe5 Rxb7 21.
Nxe7+ Kg7 22. a5 Kf6 23. Bf4 Nc7 24. Rxc5 Ne6 25. Nd5+ Kf5 26. g4+ Ke4 27. Re1+
Kd4 28. Be3+ Ke5 29. Nb6+ Kf6 30. Bh6 Nxc5 31. Nd5# 1-0

[Event "Polar Capital Jersey op"]
[Site "St Helier"]
[Date "2018.04.05"]
[Round "7.13"]
[White "Rudd, Jack"]
[Black "van Leusden, Dennis"]
[Result "1-0"]
[WhiteElo "2276"]
[BlackElo "2035"]
[PlyCount "41"]
[EventDate "2018.03.31"]
[EventType "swiss"]
[EventRounds "9"]
[EventCountry "JCI"]

1. e4 c5 2. Nf3 d6 3. d4 cxd4 4. Nxd4 Nf6 5. Nc3 a6 6. Be3 e5 7. Nb3 Be6 8. f3
Nbd7 9. Qd2 b5 10. O-O-O Be7 11. g4 Nb6 12. Na5 Rc8 13. Nb7 Qc7 14. Nxd6+ Bxd6
15. Bxb6 Qxb6 16. Qxd6 Qe3+ 17. Kb1 Nd7 18. Nd5 Qc5 19. Qxc5 Rxc5 20. Nb4 Nb8
21. Nd3 1-0

[Event "Polar Capital Jersey op"]
[Site "St Helier"]
[Date "2018.04.05"]
[Round "7.14"]
[White "Byron, Alan M"]
[Black "Bryant, Richard BE"]
[Result "1-0"]
[WhiteElo "2128"]
[BlackElo "1932"]
[PlyCount "35"]
[EventDate "2018.03.31"]
[EventType "swiss"]
[EventRounds "9"]
[EventCountry "JCI"]

1. e4 e6 2. d4 d5 3. Nd2 dxe4 4. Nxe4 Nd7 5. Nf3 Ngf6 6. Nxf6+ Nxf6 7. Bd3 c5
8. O-O cxd4 9. Nxd4 Bd6 10. Bg5 O-O 11. Nf3 Bc7 12. Qe2 h6 13. Bh4 Rb8 14. Rad1
Qe7 15. Ne5 Kh8 16. Ng4 e5 17. Bxf6 gxf6 18. Qe3 1-0

[Event "Polar Capital Jersey op"]
[Site "St Helier"]
[Date "2018.04.05"]
[Round "7.15"]
[White "Jackson, Sheila"]
[Black "Wojciechowski, Paul"]
[Result "1-0"]
[WhiteElo "2108"]
[BlackElo "1895"]
[PlyCount "103"]
[EventDate "2018.03.31"]
[EventType "swiss"]
[EventRounds "9"]
[EventCountry "JCI"]

1. e4 c5 2. Nf3 d6 3. d4 cxd4 4. Nxd4 Nf6 5. Nc3 a6 6. Bc4 e6 7. Bb3 Nbd7 8.
O-O Nc5 9. Re1 Be7 10. f4 O-O 11. a4 Qc7 12. e5 Nfd7 13. exd6 Qxd6 14. Ba2 Nf6
15. Be3 b6 16. Qe2 Re8 17. Rad1 Qc7 18. Qc4 Bd8 19. b4 Nce4 20. Nxe4 Nxe4 21.
Nc6 Nd6 22. Qd3 Qxc6 23. Qxd6 Bb7 24. Qxc6 Bxc6 25. Bb3 Bc7 26. Kf2 Red8 27. g3
Kf8 28. c4 Rxd1 29. Rxd1 Rd8 30. c5 Rxd1 31. Bxd1 b5 32. axb5 axb5 33. Bd4 f6
34. Bc2 h6 35. Bg6 Ke7 36. Ke3 e5 37. fxe5 fxe5 38. Bc3 Kf6 39. Be4 Bxe4 40.
Kxe4 Ke6 41. g4 g6 42. Bd2 h5 43. gxh5 gxh5 44. Bg5 Bb8 45. Bd8 Kd7 46. Bb6 Kc6
47. h3 Kd7 48. Kd5 e4 49. c6+ Ke7 50. c7 Bxc7 51. Bxc7 e3 52. Bg3 1-0

[Event "Polar Capital Jersey op"]
[Site "St Helier"]
[Date "2018.04.05"]
[Round "7.16"]
[White "Pitcher, Thomas"]
[Black "Okhai, Shabir"]
[Result "1-0"]
[WhiteElo "1910"]
[BlackElo "2090"]
[PlyCount "69"]
[EventDate "2018.03.31"]
[EventType "swiss"]
[EventRounds "9"]
[EventCountry "JCI"]

1. Nf3 d5 2. b3 Nf6 3. Bb2 Nbd7 4. e3 e6 5. d4 Be7 6. Bd3 c5 7. O-O O-O 8. Ne5
Nxe5 9. dxe5 Nd7 10. f4 g6 11. Nd2 b6 12. Qg4 f5 13. exf6 Nxf6 14. Qf3 Bb7 15.
Qh3 Bc8 16. Be5 Nh5 17. g4 Ng7 18. Qh6 Bf6 19. Nf3 Qe7 20. Ng5 Ne8 21. h4 Qg7
22. Qxg7+ Kxg7 23. Bb5 h6 24. Nf3 a6 25. Bxe8 Rxe8 26. g5 Bxe5 27. gxh6+ Kxh6
28. Nxe5 Bb7 29. Rad1 Re7 30. Kf2 Rg8 31. Rg1 Rgg7 32. Rg5 Kh7 33. Rdg1 d4 34.
Nxg6 Ref7 35. Rh5+ 1-0

[Event "Polar Capital Jersey op"]
[Site "St Helier"]
[Date "2018.04.05"]
[Round "7.17"]
[White "Modi, Kishan J"]
[Black "Heppell, Ian N"]
[Result "1/2-1/2"]
[WhiteElo "1850"]
[BlackElo "2035"]
[PlyCount "68"]
[EventDate "2018.03.31"]
[EventType "swiss"]
[EventRounds "9"]
[EventCountry "JCI"]

1. e4 e5 2. Nf3 d6 3. d4 exd4 4. Nxd4 Nf6 5. Nc3 Be7 6. g3 d5 7. e5 Ng4 8. Bg2
O-O 9. O-O c6 10. Re1 f6 11. e6 f5 12. h3 Nh6 13. Bxh6 gxh6 14. Qh5 Rf6 15.
Nxf5 Bxe6 16. Nxh6+ Rxh6 17. Qxh6 Bf7 18. Qe3 Bg5 19. Qe2 Nd7 20. Qg4 Kh8 21.
f4 Bf6 22. Kh2 Qc7 23. Rad1 Rg8 24. Qf3 Bg6 25. Rd2 Qb6 26. b3 Qb4 27. Nb1 Bxc2
28. Rde2 Be4 29. Rxe4 dxe4 30. Qxe4 Qd6 31. Qe6 Qd4 32. Qe4 Qf2 33. Re3 Nc5 34.
Qf3 Qxa2 1/2-1/2

[Event "Polar Capital Jersey op"]
[Site "St Helier"]
[Date "2018.04.05"]
[Round "7.18"]
[White "Safarian, Alek"]
[Black "Hewson, Brian Wr"]
[Result "0-1"]
[WhiteElo "2024"]
[BlackElo "2044"]
[PlyCount "74"]
[EventDate "2018.03.31"]
[EventType "swiss"]
[EventRounds "9"]
[EventCountry "JCI"]

1. d4 d5 2. c4 c6 3. Nc3 Nf6 4. Nf3 e6 5. e3 Nbd7 6. Bd3 dxc4 7. Bxc4 b5 8. Bd3
Bb7 9. e4 a6 10. e5 Nd5 11. Nxd5 cxd5 12. O-O Be7 13. Bd2 O-O 14. Qe1 Bc6 15.
Rc1 Qb6 16. Ba5 Qb7 17. Qd2 h6 18. Bb1 Rfc8 19. Qd3 Nf8 20. g4 b4 21. Qe2 Qb5
22. Qxb5 Bxb5 23. Rfe1 Nd7 24. Nd2 Rab8 25. Nb3 Bc4 26. Red1 Rb5 27. Bd3 Bg5
28. Rc2 Nb8 29. Kg2 Rc6 30. Bxb4 Bxd3 31. Rxc6 Nxc6 32. Bc3 Bc2 33. Ra1 Bxb3
34. axb3 a5 35. Kg3 Rxb3 36. f4 Be7 37. Kg2 Bb4 0-1

[Event "Polar Capital Jersey op"]
[Site "St Helier"]
[Date "2018.04.05"]
[Round "7.19"]
[White "Jaufarally, Nadia"]
[Black "Modi, Shyam Jagdish"]
[Result "0-1"]
[WhiteElo "1849"]
[BlackElo "1945"]
[PlyCount "128"]
[EventDate "2018.03.31"]
[EventType "swiss"]
[EventRounds "9"]
[EventCountry "JCI"]

1. e4 c5 2. Nf3 e6 3. d4 cxd4 4. Nxd4 Nc6 5. Nc3 Qc7 6. Ndb5 Qb8 7. Be3 a6 8.
Nd4 Nf6 9. a3 Be7 10. Be2 Qc7 11. O-O d6 12. Kh1 O-O 13. f4 Nxd4 14. Bxd4 b5
15. e5 Nd7 16. exd6 Bxd6 17. Bf3 Rb8 18. Ba7 Qxa7 19. Qxd6 Qb6 20. Ne4 f5 21.
Qxb6 Rxb6 22. Nd2 Rd6 23. Rad1 e5 24. fxe5 Nxe5 25. b4 Rfd8 26. Nb1 Nxf3 27.
Rxd6 Rxd6 28. gxf3 Bb7 29. Kg2 Kf7 30. Re1 g5 31. Kf2 Rh6 32. Kg3 f4+ 33. Kg2
Rd6 34. h3 h5 35. Kf2 Rc6 36. Re2 Kf6 37. Kg2 Kf5 38. Kf2 g4 39. hxg4+ hxg4 40.
fxg4+ Kxg4 41. c3 Rh6 42. Re7 Rh2+ 43. Kg1 Rh1+ 44. Kf2 Rxb1 45. Rxb7 Rb2+ 46.
Ke1 Ra2 47. Rg7+ Kf3 48. Rg6 Rxa3 49. Kd2 Kf2 50. Kd3 f3 51. Kd2 Kf1 52. Rg3 f2
53. Kd1 Ra1+ 54. Kd2 Re1 55. Rg6 Re5 56. Rxa6 Rd5+ 57. Kc2 Ke2 58. Re6+ Kf3 59.
Rf6+ Ke3 60. Rf8 Rd2+ 61. Kb3 Rd1 62. Re8+ Kf3 63. Rf8+ Kg3 64. Rg8+ Kh4 0-1

[Event "Polar Capital Jersey op"]
[Site "St Helier"]
[Date "2018.04.05"]
[Round "7.20"]
[White "Spanton, Tim R"]
[Black "Livesey, R  Nigel"]
[Result "1-0"]
[WhiteElo "1851"]
[BlackElo "1753"]
[PlyCount "59"]
[EventDate "2018.03.31"]
[EventType "swiss"]
[EventRounds "9"]
[EventCountry "JCI"]

1. c4 e6 2. Nc3 Nf6 3. d4 d5 4. cxd5 exd5 5. Bg5 Be7 6. e3 c6 7. Bd3 Nbd7 8.
Qc2 Nf8 9. Nf3 g6 10. O-O Ne6 11. Bh4 O-O 12. Ne5 Ng7 13. Rad1 Bf5 14. f3 Bxd3
15. Qxd3 Nf5 16. Bf2 Bd6 17. e4 Ne7 18. Ng4 Nxg4 19. fxg4 Bf4 20. Bh4 Bh6 21.
Bxe7 Qxe7 22. exd5 Rad8 23. Ne4 cxd5 24. Nf6+ Kh8 25. Rde1 Qb4 26. Re5 Qxb2 27.
Rh5 Kg7 28. Rxh6 Kxh6 29. Qh3+ Kg5 30. Nxh7# 1-0

[Event "Polar Capital Jersey op"]
[Site "St Helier"]
[Date "2018.04.06"]
[Round "8.1"]
[White "Arkell, Keith C"]
[Black "Merry, Alan B"]
[Result "1/2-1/2"]
[WhiteElo "2413"]
[BlackElo "2436"]
[PlyCount "113"]
[EventDate "2018.03.31"]
[EventType "swiss"]
[EventRounds "9"]
[EventCountry "JCI"]

1. Nf3 c5 2. c4 Nc6 3. Nc3 g6 4. g3 Bg7 5. Bg2 d6 6. O-O Bf5 7. d3 Qd7 8. Nd5
Nf6 9. Rb1 Rb8 10. Nxf6+ Bxf6 11. Bh6 Bh3 12. Qd2 b5 13. b3 b4 14. Ng5 Bxg2 15.
Kxg2 Bc3 16. Qf4 f6 17. Ne4 Nd4 18. Qc1 Qc6 19. f3 g5 20. h4 gxh4 21. gxh4 Nxe2
22. Qe3 Rg8+ 23. Kh2 f5 24. Qxe2 fxe4 25. Qxe4 d5 26. Qxd5 Qxd5 27. cxd5 Rd8
28. Rg1 Rxg1 29. Rxg1 Rxd5 30. Be3 a5 31. Rg5 Rxd3 32. Bxc5 Bf6 33. Rg2 Rxf3
34. Bb6 Rf5 35. Kh3 h5 36. Rc2 Rb5 37. Bf2 Kd7 38. Kg2 Kd6 39. Kf3 Rf5+ 40. Ke4
Re5+ 41. Kf3 Rd5 42. Ke4 Rd1 43. Bg3+ Ke6 44. Rc6+ Kf7 45. Rc5 Rd4+ 46. Ke3 Rg4
47. Kf3 Bxh4 48. Bxh4 Rxh4 49. Rxa5 Kf6 50. a3 bxa3 51. Rxa3 Rb4 52. Kg3 e5 53.
Ra1 Kg5 54. Rb1 e4 55. Kf2 Kf4 56. Rh1 Rb5 57. Rh4+ 1/2-1/2

[Event "Polar Capital Jersey op"]
[Site "St Helier"]
[Date "2018.04.06"]
[Round "8.2"]
[White "Pruijssers, Roeland"]
[Black "Hillarp Persson, Tiger"]
[Result "0-1"]
[WhiteElo "2523"]
[BlackElo "2541"]
[PlyCount "72"]
[EventDate "2018.03.31"]
[EventType "swiss"]
[EventRounds "9"]
[EventCountry "JCI"]

1. e4 c5 2. Nf3 d6 3. d4 cxd4 4. Nxd4 Nf6 5. Nc3 a6 6. Be3 e5 7. Nb3 Be6 8. Qd2
Nbd7 9. O-O-O Qc7 10. Kb1 Be7 11. f4 b5 12. f5 Bc4 13. Bxc4 bxc4 14. Nc1 Rb8
15. Bg5 O-O 16. g4 Rfc8 17. h4 Qb7 18. b3 cxb3 19. axb3 Rxc3 20. Qxc3 Nxe4 21.
Qe1 Bf8 22. Bd2 d5 23. Ba5 d4 24. Rh3 Nd6 25. Qe2 Qc6 26. Na2 Nc4 27. Be1 Na3+
28. Kb2 a5 29. g5 a4 30. h5 axb3 31. Rxb3 Nc4+ 32. Ka1 Ra8 33. c3 d3 34. Qh2
Qa4 35. Rxd3 Qxb3 36. Rxd7 Ba3 0-1

[Event "Polar Capital Jersey op"]
[Site "St Helier"]
[Date "2018.04.06"]
[Round "8.3"]
[White "Vakhidov, Jakhongir"]
[Black "Speelman, Jon S"]
[Result "1/2-1/2"]
[WhiteElo "2542"]
[BlackElo "2501"]
[PlyCount "105"]
[EventDate "2018.03.31"]
[EventType "swiss"]
[EventRounds "9"]
[EventCountry "JCI"]

1. c4 e6 2. Nc3 b6 3. e4 Bb7 4. d4 Bb4 5. f3 e5 6. Nh3 exd4 7. Qxd4 Nf6 8. Bg5
Nc6 9. Qd2 h6 10. Be3 d6 11. Be2 Ne5 12. O-O Ng6 13. Nf2 O-O 14. Nd3 Bxc3 15.
Qxc3 Re8 16. Rad1 Qe7 17. Bd4 Nh5 18. Rfe1 Ngf4 19. Nxf4 Nxf4 20. Bf1 Ne6 21.
Be3 a5 22. b3 Bc6 23. Bc1 f6 24. Bd3 Qf7 25. Bb1 Re7 26. Qc2 Rae8 27. Rf1 Nf8
28. a3 Bd7 29. Bb2 Be6 30. Rc1 Kh8 31. Qc3 Nd7 32. Rf2 Nc5 33. Bc2 a4 34. b4
Nb3 35. Bxb3 axb3 36. b5 Rc8 37. Qxb3 c6 38. Qb4 Rec7 39. Qxd6 cxb5 40. Qxb6
bxc4 41. Bc3 Rb7 42. Qe3 Ra8 43. Bb4 f5 44. Rd2 fxe4 45. fxe4 Re8 46. Rf1 Qg6
47. Bc3 Bd7 48. e5 Bf5 49. h3 Rb3 50. Rf3 Bd3 51. Rg3 Qe6 52. Qa7 Qe7 53. Qxe7
1/2-1/2

[Event "Polar Capital Jersey op"]
[Site "St Helier"]
[Date "2018.04.06"]
[Round "8.4"]
[White "Mitchell, Martin"]
[Black "Williams, Simon K"]
[Result "0-1"]
[WhiteElo "2237"]
[BlackElo "2460"]
[PlyCount "64"]
[EventDate "2018.03.31"]
[EventType "swiss"]
[EventRounds "9"]
[EventCountry "JCI"]

1. d4 e6 2. c4 b6 3. Nc3 Bb4 4. Qc2 Bb7 5. a3 Bxc3+ 6. Qxc3 Nf6 7. e3 O-O 8.
Nh3 c5 9. dxc5 bxc5 10. f3 d5 11. cxd5 Nxd5 12. Qxc5 Nd7 13. Qd4 e5 14. Qd1 Qb6
15. Bc4 Nxe3 16. Bxe3 Qxe3+ 17. Qe2 Qb6 18. Nf2 e4 19. fxe4 Ne5 20. b3 Rae8 21.
Bb5 Nc6 22. Bxc6 Bxc6 23. O-O Rxe4 24. Qh5 g6 25. Qh3 Re3 26. Qg4 Rxb3 27. Kh1
Rb2 28. Qh4 Re8 29. Qf4 Qb7 30. Rfd1 Bxg2+ 31. Kg1 Bh3 32. Qg5 h6 0-1

[Event "Polar Capital Jersey op"]
[Site "St Helier"]
[Date "2018.04.06"]
[Round "8.5"]
[White "L'Ami, Alina"]
[Black "Ansell, Simon T"]
[Result "1-0"]
[WhiteElo "2306"]
[BlackElo "2342"]
[PlyCount "85"]
[EventDate "2018.03.31"]
[EventType "swiss"]
[EventRounds "9"]
[EventCountry "JCI"]

1. d4 d5 2. c4 c6 3. Nf3 Nf6 4. Nc3 dxc4 5. a4 Bf5 6. Ne5 Nbd7 7. Nxc4 Nb6 8.
Ne5 a5 9. g3 Nfd7 10. Nxd7 Qxd7 11. e4 Bg6 12. Be3 e6 13. d5 Nc8 14. dxc6 Qxd1+
15. Rxd1 bxc6 16. Bg2 Bb4 17. O-O Bh5 18. Rc1 Ne7 19. f4 f6 20. Na2 Bd6 21. e5
fxe5 22. fxe5 Bxe5 23. Rc5 Nd5 24. Rxc6 Kd7 25. Bxd5 exd5 26. Rc5 Ke6 27. Re1
Rhe8 28. Nc3 Kf7 29. Rxd5 Bg4 30. Bf2 Bc7 31. Rxe8 Rxe8 32. Nb5 Bb8 33. Nc3 Re5
34. Rd4 Be6 35. b4 axb4 36. Rxb4 Bd6 37. Rb7+ Kg6 38. Rb6 Bc7 39. Rc6 Ba5 40.
Bd4 Re1+ 41. Kf2 Bxc3 42. Bxc3 Re4 43. Kf3 1-0

[Event "Polar Capital Jersey op"]
[Site "St Helier"]
[Date "2018.04.06"]
[Round "8.6"]
[White "Woudsma, Martijn"]
[Black "Hebden, Mark L"]
[Result "1-0"]
[WhiteElo "2262"]
[BlackElo "2454"]
[PlyCount "139"]
[EventDate "2018.03.31"]
[EventType "swiss"]
[EventRounds "9"]
[EventCountry "JCI"]

1. e4 e5 2. f4 exf4 3. Nf3 Be7 4. Bc4 Nf6 5. e5 Ng4 6. d4 d6 7. exd6 Bh4+ 8. g3
fxg3 9. Qe2+ Be6 10. O-O gxh2+ 11. Kh1 Nf2+ 12. Rxf2 Bxf2 13. d5 Qxd6 14. dxe6
fxe6 15. Qxf2 O-O 16. Nc3 Nd7 17. Qg2 Ne5 18. Bh6 Ng6 19. Be3 Nf4 20. Bxf4 Rxf4
21. Rd1 Qc6 22. Ne5 Qxg2+ 23. Kxg2 Re8 24. Bb3 c5 25. Kxh2 a6 26. Nd3 Rf5 27.
Ne4 b6 28. Kg3 h6 29. Nf4 Re5 30. Nd6 Re7 31. Nc8 Re8 32. Nxb6 Kf7 33. Nc4 Rg5+
34. Kf3 Ke7 35. Ke4 Kf6 36. Rd6 h5 37. Rxa6 h4 38. Nd6 Re7 39. Kf3 Rg3+ 40. Kf2
Rg4 41. Nh3 g5 42. Ra4 Rxa4 43. Bxa4 g4 44. Nf4 Ra7 45. Bb3 Ke5 46. Ng6+ Kxd6
47. Nxh4 Ke5 48. Kg3 Kd4 49. Bxe6 c4 50. a3 c3 51. b3 Rxa3 52. Kxg4 Ra1 53. Kf4
Kc5 54. Nf3 Kb4 55. Nd4 Rh1 56. Bf5 Kc5 57. Nf3 Kb4 58. Ke3 Rd1 59. Bd3 Kc5 60.
Nd4 Rh1 61. Ne2 Rh3+ 62. Kf4 Kb4 63. Ke5 Rh8 64. Be4 Rd8 65. Kf4 Rd2 66. Ke3
Rd1 67. Bd3 Rh1 68. Kd4 Rh4+ 69. Be4 Rh3 70. Nf4 1-0

[Event "Polar Capital Jersey op"]
[Site "St Helier"]
[Date "2018.04.06"]
[Round "8.7"]
[White "Eggleston, David J"]
[Black "Wadsworth, Matthew J"]
[Result "0-1"]
[WhiteElo "2409"]
[BlackElo "2354"]
[PlyCount "168"]
[EventDate "2018.03.31"]
[EventType "swiss"]
[EventRounds "9"]
[EventCountry "JCI"]

1. d4 Nf6 2. Nf3 c5 3. c3 e6 4. Bf4 Nc6 5. e3 d5 6. Nbd2 Bd6 7. Bg3 O-O 8. Bb5
Qe7 9. Bxc6 bxc6 10. Qa4 cxd4 11. cxd4 Bd7 12. Bxd6 Qxd6 13. O-O Rfb8 14. Nb3
Ne4 15. Ne5 Be8 16. Qa6 Rb6 17. Qa5 Rb5 18. Qe1 c5 19. f3 Nf6 20. Qc3 cxd4 21.
exd4 Rab8 22. Rf2 Qb6 23. Rb1 Qa6 24. Nc1 Rc8 25. Qd2 Nd7 26. Nxd7 Bxd7 27. b3
Qb6 28. a3 e5 29. dxe5 Bf5 30. Rb2 d4 31. g4 Bg6 32. f4 Be4 33. Ne2 Rd8 34. Ng3
Bb7 35. b4 d3 36. a4 Rbd5 37. b5 Rd4 38. a5 Qc5 39. h3 Qd5 40. Kh2 g6 41. h4
Rc4 42. a6 Ba8 43. Qe3 Rdc8 44. Rbd2 Rd4 45. Rf1 Rc2 46. Rfd1 Rcc4 47. Rf1 Qd7
48. f5 Qd5 49. e6 fxe6 50. Qxe6+ Qxe6 51. fxe6 Rc7 52. Kh3 Bd5 53. Re1 Re7 54.
b6 axb6 55. a7 Kg7 56. Re5 Ba8 57. Re3 Ra4 58. Rdxd3 Raxa7 59. Rd6 b5 60. Ne2
b4 61. Nd4 Ra3 62. Nb3 Bb7 63. Rd7 Kf8 64. Rd8+ Kg7 65. g5 Bc6 66. Rd6 Ba4 67.
Rdd3 Bxb3 68. Rxb3 Rxb3 69. Rxb3 Rb7 70. Kg4 Kf8 71. Kf4 Ke7 72. Ke5 Rb5+ 73.
Kd4 Kxe6 74. Kc4 Rb7 75. Kc5 Rb8 76. Kc6 Rc8+ 77. Kb5 Kf5 78. Ka4 Rc4 79. Rh3
Kg4 80. Rh1 Kh5 81. Kb3 Rxh4 82. Rg1 Rg4 83. Rh1+ Kxg5 84. Rxh7 Rf4 0-1

[Event "Polar Capital Jersey op"]
[Site "St Helier"]
[Date "2018.04.06"]
[Round "8.8"]
[White "Vogt, Lothar"]
[Black "Kabos, Tobias"]
[Result "1/2-1/2"]
[WhiteElo "2402"]
[BlackElo "2253"]
[PlyCount "67"]
[EventDate "2018.03.31"]
[EventType "swiss"]
[EventRounds "9"]
[EventCountry "JCI"]

1. Nf3 Nf6 2. g3 g6 3. Bg2 Bg7 4. O-O O-O 5. d4 d6 6. c4 Nbd7 7. Nc3 e5 8. e4
exd4 9. Nxd4 Re8 10. h3 c6 11. Be3 Nc5 12. Qc2 a5 13. Rad1 Qc7 14. b3 Bd7 15.
Rfe1 Rad8 16. f4 Bc8 17. Bf2 h5 18. Nf3 Nfd7 19. Bd4 Bxd4+ 20. Rxd4 Nf8 21.
Red1 Nce6 22. R4d2 Nc5 23. Kh2 Rd7 24. Ng5 Nfe6 25. Nxe6 Rxe6 26. a3 Re8 27. b4
axb4 28. axb4 Ne6 29. h4 Rdd8 30. Ne2 Qe7 31. Nd4 Nxf4 32. gxf4 Qxh4+ 33. Kg1
Qxf4 34. Rf2 1/2-1/2

[Event "Polar Capital Jersey op"]
[Site "St Helier"]
[Date "2018.04.06"]
[Round "8.9"]
[White "Le Quang, Kim"]
[Black "House, Glenn L"]
[Result "1/2-1/2"]
[WhiteElo "2267"]
[BlackElo "2188"]
[PlyCount "92"]
[EventDate "2018.03.31"]
[EventType "swiss"]
[EventRounds "9"]
[EventCountry "JCI"]

1. e4 c5 2. Nf3 e6 3. d4 cxd4 4. Nxd4 Nf6 5. Nc3 d6 6. g4 h6 7. Bg2 a6 8. h3
Qc7 9. Be3 b5 10. a3 Bb7 11. f4 Nbd7 12. Qe2 Nc5 13. Bd2 Be7 14. O-O-O Rc8 15.
Be1 Nfd7 16. h4 Na4 17. Nxa4 bxa4 18. Rh3 Nc5 19. Kb1 Qb6 20. Bc3 Nd7 21. Qe1
Nf6 22. g5 hxg5 23. fxg5 Nd7 24. g6 Bf6 25. gxf7+ Kxf7 26. Rf3 Ne5 27. Rf1 Rc4
28. Bh3 Bc8 29. Nf3 Nxf3 30. Rxf3 e5 31. Bb4 Rd4 32. Bxc8 Rxc8 33. c3 Rxd1+ 34.
Qxd1 Qc6 35. Qe2 Rd8 36. Rd3 Qc4 37. Qf3 d5 38. Rxd5 Rxd5 39. exd5 e4 40. Qf5
Qd3+ 41. Ka2 Qc4+ 42. Ka1 Qd3 43. Qd7+ Kg8 44. Qxa4 e3 45. Qe8+ Kh7 46. Qh5+
Kg8 1/2-1/2

[Event "Polar Capital Jersey op"]
[Site "St Helier"]
[Date "2018.04.06"]
[Round "8.10"]
[White "Jackson, Sheila"]
[Black "Rudd, Jack"]
[Result "0-1"]
[WhiteElo "2108"]
[BlackElo "2276"]
[PlyCount "126"]
[EventDate "2018.03.31"]
[EventType "swiss"]
[EventRounds "9"]
[EventCountry "JCI"]

1. e4 c6 2. d4 d5 3. e5 c5 4. c3 Nc6 5. Nf3 Bg4 6. Bb5 Qb6 7. Qa4 Bxf3 8. gxf3
cxd4 9. cxd4 e6 10. Bd2 a6 11. Bxc6+ Qxc6 12. Qxc6+ bxc6 13. Nc3 Ne7 14. Na4
Nf5 15. Be3 Rb8 16. b3 Kd7 17. Ke2 Ba3 18. Rad1 Rhc8 19. Rd2 c5 20. dxc5 Nxe3
21. fxe3 Bxc5 22. Nxc5+ Rxc5 23. e4 Rbc8 24. Rhd1 Rc2 25. Ke3 R8c3+ 26. Kd4 Kc6
27. exd5+ exd5 28. f4 g6 29. h4 h5 30. f5 gxf5 31. Rxc2 Rxc2 32. Rf1 Rh2 33.
Rxf5 Rxh4+ 34. Kd3 Kd7 35. Rxf7+ Ke6 36. Rf6+ Kxe5 37. Rxa6 Rh3+ 38. Kd2 Ke4
39. Re6+ Kd4 40. Re2 h4 41. Kc2 Rc3+ 42. Kb2 h3 43. a4 Rg3 44. Ka3 Kc3 45. a5
d4 46. Re7 Kc2 47. Re2+ Kd1 48. Rh2 d3 49. a6 Rg6 50. Rxh3 Kc2 51. Rh8 Rxa6+
52. Kb4 Rb6+ 53. Kc4 Rc6+ 54. Kd5 d2 55. Rh2 Rh6 56. Rg2 Kc1 57. Rg1+ d1=Q+ 58.
Rxd1+ Kxd1 59. b4 Kc2 60. b5 Kb3 61. Kc5 Ka4 62. b6 Ka5 63. b7 Rb6 0-1

[Event "Polar Capital Jersey op"]
[Site "St Helier"]
[Date "2018.04.06"]
[Round "8.11"]
[White "Ahluwalia, Amardip"]
[Black "Klingher, Dominic"]
[Result "0-1"]
[WhiteElo "2052"]
[BlackElo "2173"]
[PlyCount "92"]
[EventDate "2018.03.31"]
[EventType "swiss"]
[EventRounds "9"]
[EventCountry "JCI"]

1. c4 e5 2. g3 Nc6 3. Bg2 Bc5 4. Nc3 a6 5. a3 d6 6. e3 Nge7 7. Nge2 Bg4 8. h3
Bh5 9. O-O Ba7 10. b4 O-O 11. d3 f5 12. Qd2 g5 13. Kh2 f4 14. exf4 gxf4 15.
gxf4 Ng6 16. Ng3 Qh4 17. Nxh5 Qxh5 18. Qe2 Qh4 19. Nd5 Nd4 20. Qg4 c6 21. f5
Nxf5 22. Bg5 Qxg4 23. hxg4 Nd4 24. Ne7+ Kg7 25. Be4 Nf4 26. Nf5+ Nxf5 27. Bxf5
Rae8 28. Bd7 Bd4 29. Rae1 Ra8 30. Bf5 h5 31. Bxf4 hxg4 32. Bxg4 Rxf4 33. f3 a5
34. b5 cxb5 35. Rb1 b4 36. axb4 a4 37. Ra1 Bxa1 38. Rxa1 b5 39. cxb5 Rxb4 40.
Bd7 a3 41. Kg3 Kf6 42. Bc6 Rg8+ 43. Kf2 Rb2+ 44. Ke3 Rgg2 45. f4 Rge2+ 46. Kf3
Rf2+ 0-1